000 00311nam a22001337a 4500
020 _a0-06-440055-7
082 _a823
_bWHI/C
100 _aWHITE, E B
245 _aCHARLOTTE'S WEB
260 _aUNITED KINGDOM
_bHARPER AND ROW PUBLISHERS
_c1980
300 _a184
650 _aNOVEL
_zUNITED KINGDOM
942 _cBK
999 _c4047
_d4047